| 000 | 00684nam a22002177a 4500 | ||
|---|---|---|---|
| 942 | _cBK | ||
| 999 |
_c67 _d67 |
||
| 005 | 20250420134754.0 | ||
| 008 | 191028b ||||| |||| 00| 0 eng d | ||
| 020 | _a9780999315804 | ||
| 040 |
_cDLB _dDLB |
||
| 082 |
_a808.06665 _bFe Ho |
||
| 100 |
_aFendler, Baron _9282 |
||
| 245 |
_aHow to write an amazing IT resume : _bget the interview every time / _cBaron Fendler |
||
| 260 |
_a[United States] : _bBizbooks Publishing, _c[2017] ©2017 |
||
| 300 |
_a123 pages : i _bllustrations ; _c24 cm |
||
| 650 |
_aRésumés (Employment). _9283 |
||
| 650 |
_aJob hunting. _9284 |
||
| 650 |
_aInformation technology. _9285 |
||
| 650 |
_xVocational guidance. _9288 |
||
| 942 | _2ddc | ||